Widok standardowy
Widok MARC
Pozycja Corporate Name
Liczba rekordów, w których użyto hasła: 1
001 - Numer kontrolny
- control field: 38859
003 - Identyfikator numeru kontrolnego
- control field: NUKAT
005 - Data i czas ostatniej modyfikacji
- control field: 20260324101257.0
008 - Dane kontrolne kodowane (40 znaków)
- fixed length control field: 991110n||aaznnbabn |a ana |c
010 ## - Numer kontrolny Biblioteki Kongresu
- numer kontrolny LC: s 02353162
040 ## - Instytucja sporządzająca rekord
- inst. przygot. dane do rek. khw: KR U/ZSS
- język haseł przedmiotowych/tezaurus: kaba
- inst. wprow. rek. khw: KR U
- inst. modyf. rek. khw: WA U/BD
- inst. modyf. rek. khw: LUBL KUL/GW
110 2# - Hasło - nazwa ciała zbiorowego
- nazwa ciała zbior. lub geogr. na pocz.: Zakład Narodowy im. Ossolińskich
- określnik rzeczowy: historia
- określnik formy: katalogi wystaw.